| 000 | 00987cam a22002531 4500 | ||
|---|---|---|---|
| 001 | agr68000185 | ||
| 003 | DLC | ||
| 005 | 20260227111030.0 | ||
| 008 | 710901s1968 dcua 000 0 eng c | ||
| 010 | _aagr68000185 | ||
| 040 |
_aU.S. Nat'l Agr. Libr. _cDLC _dDLC |
||
| 050 | 0 | 0 |
_aS21 _b.A72 no. 1394 |
| 070 | 0 | _a1Ag84Te no. 1394 | |
| 082 | 0 | 0 | _a664/.76 |
| 100 | 1 |
_aPuckett, H. B. _q(Hoyle B.), _d1925- |
|
| 245 | 1 | 0 |
_aPerformance of small hammer and roller mills for grinding livestock feed _c[by H. B. Puckett and D. R. Daum. |
| 260 |
_aWashington] _bU.S. Dept. of Agriculture, Agricultural Research Service; [for sale by the Supt. of Docs., U.S. Govt. Print. Off., _c1968] |
||
| 300 |
_aii, 25 p. _billus. _c24 cm. |
||
| 350 | _a$0.15 | ||
| 490 | 1 |
_aUnited States. Dept. of Agriculture. Technical bulletin ; _vno. 1394 |
|
| 650 | 0 | _aFeed-grinders. | |
| 700 | 1 |
_aDaum, D. R., _ejoint author. |
|
| 830 | 0 |
_aTechnical bulletin (United States. Department of Agriculture) ; _vno. 1394. |
|
| 999 |
_c12491 _d12491 |
||